|
|
|
|
| LEADER |
01258nam a22002657a 4500 |
| 001 |
AAL8539 |
| 003 |
BD-DhAAL |
| 005 |
20160330093609.0 |
| 008 |
160330s 2011bg ||||| |||| 00| 0 ben d |
| 020 |
|
|
|a 9789845040297
|
| 040 |
|
|
|a BD-DhAAL
|c BD-DhAAL
|
| 082 |
|
|
|a 891/.4414
|
| 999 |
|
|
|c 37265
|d 37265
|
| 999 |
|
|
|c 37236
|
| 100 |
|
|
|a হোসেন, সেলিনা
|9 18860
|
| 245 |
|
|
|a রবীন্দ্রনাথের সময় :
|b ১৮৬১-১৮৮৫ /
|c সেলিনা হোসেন
|
| 260 |
|
|
|a ঢাকা :
|b মূর্ধণ্য,
|c ২০১১
|
| 300 |
|
|
|a ৮০ পৃ. ;
|c ২১ সেমি.
|
| 490 |
|
|
|a রবীন্দ্র-স্মারক গ্রন্থমালা
|
| 541 |
|
|
|e 8539
|
| 600 |
|
|
|a Tagore, Rabindranath,
|d 1861-1941.
|9 18830
|
| 852 |
|
|
|a Savar Campus Library
|c General Shelf
|
| 942 |
|
|
|2 ddc
|c BK
|
| 952 |
|
|
|0 0
|1 0
|2 ddc
|4 0
|6 891_000000000000000__4414_HOS
|7 0
|9 58561
|a SCL
|b SCL
|c GEN
|d 2016-03-30
|e Gift: BLC, Savar
|g 120.00
|l 1
|m 5
|o 891.4414 HOS
|p 3020008539
|r 2025-08-30
|s 2025-07-13
|t 1
|w 2016-03-30
|y BK
|
| 952 |
|
|
|0 0
|1 0
|2 ddc
|4 0
|6 891_000000000000000__4414_HOS
|7 0
|9 62964
|a SCL
|b SCL
|c GEN
|d 2018-03-20
|e Gift: BLC, Savar
|g 120.00
|l 2
|m 1
|o 891.4414 HOS
|p 3020009571
|r 2025-04-12
|s 2025-02-09
|t 2
|w 2018-03-20
|y BK
|